000 00718nas a2200253 4500
001 BR9210419
003 BR-BrBNA
005 20231205093356.0
007 ta
008 230509b bl.|||p| |||| 00| 00por d
040 _aBR-BrBNA
_bpor
_cBiblioteca Nacional de Agricultura
041 _a(Pt)
072 _aL02; Q54
100 1 _aIshige, R.
245 1 _aAlimentacao - fator de produtividade e saude
650 _aBOVINO
650 _aNUTRICAO ANIMAL
650 _aSUPLEMENTO MINERAL
650 _aMINERALIZACAO
650 _aFOSFATO DE ROCHA
773 0 _tRevista Nacional da Carne (Brazil)
_x
_g(Mar 1984), v. 8(87) p. 14-15
_wBR9210419
909 _a202311
_bLúcia
_c55
_dLúcia Elande
942 _2AGRIS
_n0
_cANA
999 _c137903
_d137903